Statistiques concernant Vins de Bordeaux : Premiers crus du classement officiel de 1855

Cliquez ici pour prendre le quiz!

Statistiques générales

  • Ce quiz a été pris 140 fois
  • Le résultat moyen est 5 sur 6

Statistiques - réponses

HintRéponse% Correct
MargauxChâteau Margaux
96%
SauternesChâteau d'Yquem
88%
PauillacChâteau Mouton Rothschild
72%
Pessac-léognanChâteau Haut-Brion
70%
PauillacChâteau Latour
70%
PauillacChâteau Lafite-Rothschild
63%

Distribution des résultats

Percentile par nombre de réponses

% des personnes avec chaque résultat

Votre développement - résultats

Vous n’avez pas pris ce quiz